00340 2200133 4500001002100000005001500021035002000036245004900056100002200105260003600127082000800163084001400171990002100185INLIS00000000000245020250604103545 a0010-06250000361 aSi Cebol Rindukan Bulan /cAman DT. Mojoindo0 aAman DT. Mojoindo aJakarta :bBalai Pustaka,c2000 a800 a800 AMA s a00130 s/d 000132